Ulice Starego Miasta w Lublinie - Statystyki

Ogólne statystyki
  • Ten quiz został rozwiązany 63 razy
    62 od ostatniego zresetowania
  • Średni wynik to 13 z 38
Statystyki odpowiedzi
Nazwa % Poprawnych
ulica Lubartowska
69%
ulica Grodzka
67%
ulica Rybna
65%
ulica Królewska
58%
plac Po Farze
58%
ulica Jezuicka
56%
ulica Kowalska
54%
ulica Podwale
54%
ulica Złota
50%
ulica Rynek
48%
plac Zamkowy
48%
ulica Olejna
46%
aleja Solidarności
42%
ulica Ku Farze
40%
aleja Unii Lubelskiej
40%
ulica Archidiakońska
38%
aleje Tysiąclecia
38%
plac Łokietka
35%
ulica Świętoduska
35%
ulica Wyszyńskiego
35%
ulica Furmańska
33%
ulica Zamkowa
31%
zaułek Hartwigów
29%
ulica Bramowa
27%
ulica Cyrulicza
25%
ulica Dominikańska
25%
ulica Noworybna
25%
ulica Szambelańska
23%
ulica Misjonarska
21%
ulica Bajkowskiego
19%
plac Ofiar Getta
15%
zaułek Panasa
15%
ulica Wodopojna
15%
ulica Gruella
10%
ulica Przemysłowa
10%
ulica Kąpielowa
6%
skwer Zawistowskiego
6%
skwer Bitschana
2%
Nie znaleziono quizów pasujących do podanych kryteriów
Rozkład punktacji
Procent ludzi z każdym wynikiem
Percentyl według liczby udzielonych odpowiedzi
Twoja historia wyników
Nie rozwiązałeś tego quizu od ostatniego zresetowania